Đánh giá hiệu quả sản xuất của mô hình độc canh 3 vụ lúa và 2 lúa 1 màu tại huện Mỹ Xuyên, tỉnh Sóc Trăng : Luận văn Thạc sĩ Kinh tế. Ngành Kinh tế Nông nghiệp
Đánh giá hiệu quả sản xuất của mô hình độc canh 3 vụ lúa và mô hình luân canh 2 lúa 1 màu tại huyện Mỹ Xuyên, tỉnh Sóc Trăng, trên cơ sở đó đề xuất các giải pháp nhằm góp phần nâng cao hiệu quả của hai mô hình....
محفوظ في:
| المؤلف الرئيسي: | |
|---|---|
| التنسيق: | كتاب |
| اللغة: | Undetermined |
| منشور في: |
Cần Thơ
Trường Đại học Cần Thơ
2013
|
| الموضوعات: | |
| الوسوم: |
إضافة وسم
لا توجد وسوم, كن أول من يضع وسما على هذه التسجيلة!
|
| Thư viện lưu trữ: | Trung tâm Học liệu Trường Đại học Cần Thơ |
|---|
| LEADER | 01174nam a2200217Ia 4500 | ||
|---|---|---|---|
| 001 | CTU_185456 | ||
| 008 | 210402s9999 xx 000 0 und d | ||
| 082 | |a 338.16 | ||
| 082 | |b A105 | ||
| 088 | |a 60620115 | ||
| 100 | |a Trịnh, Thuý An | ||
| 245 | 0 | |a Đánh giá hiệu quả sản xuất của mô hình độc canh 3 vụ lúa và 2 lúa 1 màu tại huện Mỹ Xuyên, tỉnh Sóc Trăng : | |
| 245 | 0 | |b Luận văn Thạc sĩ Kinh tế. Ngành Kinh tế Nông nghiệp | |
| 245 | 0 | |c Trịnh Thuý An ; Thái Anh Hoà (người hướng dẫn khoa học) | |
| 260 | |a Cần Thơ | ||
| 260 | |b Trường Đại học Cần Thơ | ||
| 260 | |c 2013 | ||
| 520 | |a Đánh giá hiệu quả sản xuất của mô hình độc canh 3 vụ lúa và mô hình luân canh 2 lúa 1 màu tại huyện Mỹ Xuyên, tỉnh Sóc Trăng, trên cơ sở đó đề xuất các giải pháp nhằm góp phần nâng cao hiệu quả của hai mô hình. | ||
| 650 | |a Rice,Lúa | ||
| 904 | |i Bích Phượng, Trúc | ||
| 980 | |a Trung tâm Học liệu Trường Đại học Cần Thơ | ||